Villes françaises disposant d'un Tram - mort subite - Statistiques

Statistiques générales
  • Ce quiz a été pris 554 fois
    553 depuis la dernière actualisation
  • Le résultat moyen est 8 sur 28
Answers on the Grid
Answers color-coded by a green-red scale on the quiz's grid according to % correct below.
Besançon
Paris
Toulon
Annecy
Troyes
Clermont-Ferrand
Lens-Liévin
Reims
Le Mans
Saint-Denis (Réunion)
Bordeaux
Mulhouse
Toulouse
Nantes
Amiens
Montpellier
Béziers
Metz
Tours
Cherbourg-en-Cotentin
Limoges
Saint-Étienne
Angers
Bourges
Valenciennes
Brest
Strasbourg
Aubagne
Poitiers
Ajaccio
Orléans
Lyon
Rouen
Le Havre
Marseille
Pointe-à-Pitre-Les Abymes
Belfort
Dijon
Nice
Rennes
La Rochelle
Lille
Montbéliard
Laval
Caen
Nîmes
Fort-de-France
Nancy
Grenoble
Avignon
Chambéry
 
Statistiques - réponses
Réponse % Correct
Lyon
54%
Paris
54%
Lille
49%
Bordeaux
45%
Nantes
43%
Marseille
42%
Toulouse
39%
Montpellier
38%
Nice
34%
Strasbourg
34%
Clermont-Ferrand
28%
Grenoble
28%
Saint-Étienne
24%
Angers
23%
Tours
23%
Dijon
22%
Brest
21%
Caen
20%
Orléans
20%
Rouen
19%
Le Havre
18%
Le Mans
18%
Reims
17%
Besançon
14%
Mulhouse
13%
Valenciennes
11%
Avignon
10%
Aubagne
9%
Aucun quiz correspondant
Distribution des résultats
% des personnes avec chaque résultat
Percentile par nombre de réponses
Votre historique - résultats
Vous n’avez pas pris ce quiz depuis la dernière actualisation